000 00651nam a2200193 a 4500
003 PILC
005 20150112093429.0
008 100713s19uu xx 00 eng d
020 _a9780764500497
050 _aHF 5548.4.M523
_b.H341 1996
082 _aCSF 005.462
_bH265 1996
100 _aHarvey, Greg
_97145
245 _aExcel 97 for windows for dummies /
_cGreg Harvey.
260 _aFoster City, CA :
_bIDG Books Worldwide, Inc,
_c1996.
300 _a410 pages :
_billustration ;
_c24 cm.
500 _aIncludes index.
650 _aMicrosoft Excel -computer file
_xBusiness - computer programs
_xElectronic spreadsheets
_97146
942 _2lcc
_cBK
999 _c14279
_d14279